Greek football teams with at least one league title - Statistics

General Stats
  • This quiz has been taken 76 times
  • The average score is 6 of 6
Answer Stats
Titles Answer % Correct
3 13 AEK Athens F.C.
100%
2 20 Panathinaikos F.C.
98%
4 4 PAOK F.C.
98%
1 48 Olympiacos F.C.
95%
5 3 Aris Thessaloniki F.C.
88%
6 1 Larissa F.C.
80%
No matching quizzes found
Score Distribution
Percent of People with Each Score
Percentile by Number Answered
Your Score History
You have not taken this quiz